Normal view
MARC view
- SIMPLE NETWORKS MANAGEMENT PROTOCOL; COMPUTER NETWORK PROTOCOLS STANDARDS; COMPUTER NETWORKS MANAGEMENT
Entry Topical Term
001 - CONTROL NUMBER
- control field: 59633
003 - CONTROL NUMBER IDENTIFIER
- control field: NUST
005 - DATE AND TIME OF LATEST TRANSACTION
- control field: 20210628202357.0
008 - FIXED-LENGTH DATA ELEMENTS
- fixed length control field: 210628|| aca||aabn | a|a d
040 ## - CATALOGING SOURCE
- Original cataloging agency: NUST
- Transcribing agency: NUST
150 ## - HEADING--TOPICAL TERM
- Topical term or geographic name entry element: SIMPLE NETWORKS MANAGEMENT PROTOCOL; COMPUTER NETWORK PROTOCOLS STANDARDS; COMPUTER NETWORKS MANAGEMENT
670 ## - SOURCE DATA FOUND
- Source citation: Work cat.: (NUST): Held, Gilbert 36816, Lan management with snmp and rmon, 1996
